| 000 | 00996nam0a22002651 4500 | ||
|---|---|---|---|
| 001 | rc\3032055 | ||
| 005 | 20250805160813.4 | ||
| 035 | _a(NLR Aleph) 007172944 | ||
| 090 |
_a7364548 _c7364548 |
||
| 100 | _a20111002d1945 |||y0rusy50 ca | ||
| 101 | 0 | _arus | |
| 102 | _aRU | ||
| 105 | _aa z ||||| | ||
| 200 | 1 |
_aГазобалонные автомобили _fГ.И. Самоль, инж., канд. техн. наук |
|
| 210 |
_aМосква _aЛенинград _cИзд-во Наркомхоза РСФСР _d1945 _eМосква _g[тип.] Ремесл. училища № 3 |
||
| 215 |
_a136 с. _cил., черт. _d21 см |
||
| 320 | _aБиблиогр.: "Указатель лит.", с. 134-35 | ||
| 700 | 1 |
_aСамоль _bГ. И. _gГригорий Иванович |
|
| 801 | 0 |
_aRU _bNLR _gpsbo |
|
| 801 | 1 |
_aRU _bELAR _2rusmarc |
|
| 852 |
_aNLR _jТ86 Г-3/66 |
||
| 942 | _cBOOK | ||
| 945 | _aРоссийская национальная библиотека | ||
| 980 | _aNB | ||
| 980 | _aBV | ||